00777nam a2200181 a 450000100100000000500170001000800410002702000150006804000250008308200100010810000350011824501320015326000450028530000270033095201090035795201140046699900150058000000184320200929145727.0090629s2006 cu 000 0 spa d a9592112959 aDO-SdBNPbspacBNPHU aR696p1 aRodríguez, Juan Carlos9600213aLa Plaza en la revolución /cSelección, organización de textos y edición, Juan Carlos Rodríguez, Marilyn Rodríguez. aLa Habana, :bCapitán San Luis,c2006. a363p. :bil. ;c24 cm. 001050718MOaGRbGRcCTd2009-06-29iLF1l0oR696p p1843-10r2020-06-25w2020-06-25y1ZNo se presta 001053728MOaGRbGRcOId2009-06-29iLF1l0oR696p p1843-20r2020-06-25te.2w2020-06-25y1ZNo se presta c1720d1720